000
00306nam a2200133Ia 4500
008
230719s9999 xx 000 0 und d
041
_a
eng
082
_a
155.64
_b
KHE
100
_a
Khera S.
_9
106205
245
_a
You Can Win
260
_b
Macmillan
365
_c
Rs.
_b
163.00
700
_a
Khera S.
_9
106205
999
_c
354510
_d
354510